La falta de continuidad en la prestación del servicio público de energía eléctrica y la reparación de los daños generados a los usuarios (Registro nro. 32361)

Detalles MARC
000 -LEADER
fixed length control field 00474 a2200121 4500
001 - CONTROL NUMBER
control field ART_43974
005 - DATE AND TIME OF LATEST TRANSACTION
control field 20260410162013.0
008 - FIXED-LENGTH DATA ELEMENTS--GENERAL INFORMATION
fixed length control field 260409a
100 1# - MAIN ENTRY--PERSONAL NAME
Personal name Mielnicki, Diego
245 10 - TITLE STATEMENT
Title La falta de continuidad en la prestación del servicio público de energía eléctrica y la reparación de los daños generados a los usuarios
700 1# - ADDED ENTRY--PERSONAL NAME
Personal name Roitman, Facundo J.
773 0# - HOST ITEM ENTRY
Title Temas de derecho administrativo
Related parts - Año 2, Nº 7 (jul. 2017)
Record control number REV40468

No hay ítems disponibles.